Controlling a jeho preventívna úloha pri riešení medzinárodných vedeckých projektov

Základné stupne kontrolingu v rámci riadenia projektu. Kontroling medzinárodného projektu. Fáza iniciácie a zahájenia projektu. Fáza realizácie projektu. Záverečná fáza. Reporting v medzinárodnom projekte.

Enregistré dans:
Détails bibliographiques
Auteur principal: Bobková, Denisa, 1981-
Autres auteurs: Andrejovský, Pavol, 1975-
Format: Chapitre de livre
Langue:slovaque
Sujets:
Tags: Ajouter un tag
Pas de tags, Soyez le premier à ajouter un tag!

MARC

LEADER 00000nla$a2200000$$$4500
001 0120501
005 20240502072345.2
041 0 |a slo 
044 |a SK 
245 1 0 |a Controlling a jeho preventívna úloha pri riešení medzinárodných vedeckých projektov  |c Denisa Bobková, Pavol Andrejovský 
520 |a Základné stupne kontrolingu v rámci riadenia projektu. Kontroling medzinárodného projektu. Fáza iniciácie a zahájenia projektu. Fáza realizácie projektu. Záverečná fáza. Reporting v medzinárodnom projekte. 
610 2 0 |a kontroling 
610 2 0 |a kontrola 
610 2 0 |a analýzy 
610 2 0 |a plán 
610 2 0 |a projekty medzinárodné 
610 2 0 |a účtovníctvo finančné 
610 2 0 |a efektívnosť 
610 2 0 |a riadenie 
610 2 0 |a reporting 
100 1 |a Bobková, Denisa, 1981- 
700 1 |a Andrejovský, Pavol, 1975-